| 000 | 00745nam a2200217Ia 4500 | ||
|---|---|---|---|
| 999 |
_c43821 _d43821 |
||
| 003 | GCL | ||
| 005 | 20240530103953.0 | ||
| 008 | 140319s9999 xx 000 0 ara d | ||
| 020 | _a462001799 | ||
| 040 |
_aGCL / _cGCL |
||
| 082 | 0 | 4 |
_a509 _bم ت |
| 100 | 1 | _aمصطفى محمود سليمان | |
| 245 | 1 | 0 |
_aتاريخ العلوم والتكنولوجيا فى العصور القديمة والوسطى / _cمصطفى محمود سليمان |
| 250 | _aالاولى | ||
| 260 |
_aالقاهرة : _bالهيئة المصرية العامة للكتاب ، _c1995 |
||
| 300 |
_a471 ص ؛ _c24سم |
||
| 650 | 0 | 4 | _aالعلوم |
| 650 | 0 | 4 | _aالعصور الوسطى |
| 650 | 0 | 4 | _aعصر النهضة (1300 - 1494) |
| 942 |
_2ddc _cBK |
||